| Tag |
First Indicator |
Second Indicator |
Subfields |
| LEADER |
00000cam a2200000 i 4500 |
| 001 |
in00000201366 |
| 005 |
20151009064549.0 |
| 008 |
790709s1978 vaua b s10000 eng |
| 010 |
|
|
|a 78623824
|
| 035 |
|
|
|a (OCoLC)05220230
|
| 035 |
|
|
|9 AAY2406AM
|
| 040 |
|
|
|a DLC
|c DLC
|d TXA
|d UtOrBLW
|
| 043 |
|
|
|a n-us---
|
| 049 |
|
|
|a TXAM
|c [978684]
|
| 050 |
0 |
0 |
|a TD223
|b .P8
|
| 082 |
0 |
|
|a 614.7/72
|
| 245 |
0 |
0 |
|a Public policy on ground water quality protection :
|b proceedings of a national conference, April 13-16, 1977 at Virginia Polytechnic Institute and State University /
|c sponsored by Virginia Water Resources Research Center [and others] ; edited by Waldon R. Kerns.
|
| 264 |
|
1 |
|a Blacksburg, Va. :
|b Virginia Water Resources Research Center, Virginia Polytechnic Institute and State University,
|c [1978?]
|
| 300 |
|
|
|a xii, 163 pages :
|b illustrations ;
|c 28 cm.
|
| 336 |
|
|
|a text
|b txt
|2 rdacontent
|
| 337 |
|
|
|a unmediated
|b n
|2 rdamedia
|
| 338 |
|
|
|a volume
|b nc
|2 rdacarrier
|
| 504 |
|
|
|a Includes bibliographies.
|
| 650 |
|
0 |
|a Groundwater
|z United States
|x Congresses.
|
| 650 |
|
0 |
|a Water
|x Pollution
|x Law and legislation
|z United States
|x Congresses.
|
| 650 |
|
0 |
|a Waste disposal in the ground
|x Environmental aspects
|z United States
|x Congresses.
|
| 700 |
1 |
|
|a Kerns, Waldon R.
|
| 710 |
2 |
|
|a Virginia Polytechnic Institute and State University.
|b Water Resources Research Center.
|
| 999 |
|
|
|a MARS
|
| 999 |
f |
f |
|s bb97bd23-dcda-38ce-93ac-53bc4b42ac69
|i cdd38b78-422d-31ea-ab64-6ef2d0871f60
|t 0
|
| 952 |
f |
f |
|p ric
|a Texas A&M University
|b Rellis Campus
|c Joint Library Facility
|d Remote Storage
|t 0
|e TD223 .P8
|h Library of Congress classification
|i unmediated -- volume
|m A14805360745
|
| 998 |
f |
f |
|a TD223 .P8
|t 0
|l Remote Storage
|